[Event "Orsha op"]
[Site "Orsha"]
[Date "2019.01.22"]
[Round "7"]
[White "Loshakov, Dmitry"]
[Black "Dolgopiatov, Evgeniy"]
[Result "1-0"]
[WhiteElo "1852"]
[BlackElo "1661"]
[PlyCount "67"]
[EventDate "2019.01.18"]
[EventType "swiss"]
[EventRounds "9"]
[EventCountry "BLR"]
[SourceTitle "CBM 188 Extra"]
[Source "ChessBase"]
[SourceDate "2019.02.26"]
[SourceVersion "1"]
[SourceVersionDate "2019.02.26"]
[SourceQuality "1"]

1. Nf3 d5 2. g3 g6 3. Bg2 Bg7 4. d4 Nf6 5. Bf4 c5 6. c3 cxd4 7. cxd4 Qb6 8. b3 Nc6 9. 0-0 0-0 10. Nc3 Bf5 11. Rc1 e6 12. h3 Rac8 13. g4 Be4 14. e3 h6 15. Nxe4 Nxe4 16. Nd2 Nxd2 17. Qxd2 Rfd8 18. Rc3 e5 19. dxe5 g5 20. Bg3 d4 21. exd4 Rxd4 22. Qe3 Re8 23. Bxc6 bxc6 24. Rxc6 Qxc6 25. Qxd4 a6 26. Qd6 Re6 27. Qxc6 Rxc6 28. Rd1 Rc5 29. Rd6 a5 30. e6 fxe6 31. Rxe6 Rc2 32. a4 Kf7 33. Rb6 Rc3 34. Rb7+ 1-0

[Event "Orsha op"]
[Site "Orsha"]
[Date "2019.01.18"]
[Round "1"]
[White "Strybuk, Artsiom I"]
[Black "Dolgopiatov, Evgeniy"]
[Result "1-0"]
[WhiteElo "2110"]
[BlackElo "1661"]
[PlyCount "75"]
[EventDate "2019.01.18"]
[EventType "swiss"]
[EventRounds "9"]
[EventCountry "BLR"]
[SourceTitle "CBM 188 Extra"]
[Source "ChessBase"]
[SourceDate "2019.02.26"]
[SourceVersion "1"]
[SourceVersionDate "2019.02.26"]
[SourceQuality "1"]

1. d4 d5 2. Nf3 Nf6 3. c4 e6 4. g3 c6 5. Bg2 Bb4+ 6. Nbd2 Nbd7 7. 0-0 0-0 8. Qc2 Bd6 9. e4 dxe4 10. Nxe4 Nxe4 11. Qxe4 Nf6 12. Qe2 Bd7 13. b3 a5 14. Bb2 a4 15. Ne5 axb3 16. axb3 Qe7 17. Rfd1 Rfe8 18. f4 Ba3 19. Bc3 Bb4 20. Bxb4 Qxb4 21. g4 Rxa1 22. Rxa1 Qc3 23. Rd1 Bc8 24. g5 Nd7 25. Qd3 Qxd3 26. Nxd3 f6 27. h4 Kf7 28. Bh3 h6 29. gxh6 gxh6 30. Kf2 Rg8 31. Re1 Nf8 32. h5 b6 33. Ra1 Ke7 34. Bg2 e5 35. Ra7+ Ke6 36. fxe5 Rg5 37. Bh3+ Rf5+ 38. Nf4# 1-0